[Event "Women's Speed Chess Q3"]
[Site "chess.com INT"]
[Date "2021.05.30"]
[Round "7"]
[White "Zhai, Mo"]
[Black "Soumya, Swaminathan"]
[Result "0-1"]
[WhiteTitle "WGM"]
[BlackTitle "IM"]
[WhiteElo "2366"]
[BlackElo "2351"]
[WhiteFideId "8600201"]
[BlackFideId "5016193"]
[EventDate "2021.05.30"]

1. d4 Nf6 2. c4 g6 3. Nc3 Bg7 4. e4 d6 5. Nf3 O-O 6. Be2 e5 7. dxe5 dxe5 8. Qxd8
Rxd8 9. Bg5 c6 10. Nxe5 Re8 11. O-O-O Na6 12. Bf4 Nc5 13. Bf3 Be6 14. b3 a5 15.
Kc2 h6 16. h4 h5 17. Rd2 Bg4 18. Rhd1 Bxf3 19. gxf3 Nfxe4 20. fxe4 Bxe5 21. Bxe5
Rxe5 22. f4 Re7 23. e5 Rae8 24. a3 Kg7 25. b4 axb4 26. axb4 Ne6 27. Rf2 c5 28.
Nd5 Rd7 29. bxc5 Nxc5 30. Rb1 Ne4 31. Re2 Nc5 32. Nf6 Red8 33. Nxd7 Rxd7 34. Rd2
Rc7 35. Rd5 Ne6 36. Kc3 Nxf4 37. Rdb5 Ne2+ 38. Kd3 Nf4+ 39. Kd4 Ne6+ 40. Kc3 Nc5
41. Rd1 Kf8 42. Rd5 Ne4+ 43. Kb4 Ke7 44. c5 Nf2 45. Rd4 Ng4 46. Rb6 Nxe5 47. Kb5
f6 48. Rdd6 Nd7 49. Re6+ Kf7 50. Rbd6 Rxc5+ 51. Kb4 Rc7 52. Kb5 Rc5+ 53. Kb4 b6
54. Re1 Rc7 55. Red1 Ne5 56. Rxb6 Rc4+ 57. Kb5 Rxh4 58. Rf1 f5 59. Rc1 Rd4 60.
Rc7+ Nd7 61. Rbb7 Ke6 62. Kc6 Ne5+ 63. Kc5 Rc4+ 64. Kb5 Rxc7 65. Rxc7 f4 66. Rg7
f3 67. Rg8 f2 68. Re8+ Kf6 69. Rf8+ Nf7 70. Kc5 f1=Q 71. Kd5 Qd1+ 72. Kc4 Qc2+
73. Kd4 Qb2+ 74. Kc4 Qb6 75. Kd3 Qd6+ 76. Kc4 Qxf8 77. Kb5 Ne5 78. Kb6 Qd6+ 0-1

[Event "Women's Speed Chess Q3"]
[Site "chess.com INT"]
[Date "2021.05.30"]
[Round "7"]
[White "Vantika, Agrawal"]
[Black "Frayna, Janelle Mae"]
[Result "1/2-1/2"]
[WhiteTitle "WIM"]
[BlackTitle "WGM"]
[WhiteElo "2286"]
[BlackElo "2179"]
[WhiteFideId "25050389"]
[BlackFideId "5212499"]
[EventDate "2021.05.30"]

1. d4 Nf6 2. c4 g6 3. g3 d5 4. Bg2 c6 5. Nf3 Bg7 6. O-O O-O 7. Ne5 Nbd7 8. cxd5
cxd5 9. Nc3 e6 10. Nf3 Ne4 11. Nxe4 dxe4 12. Ng5 Nf6 13. Nxe4 Nxe4 14. Bxe4 Qxd4
15. Qxd4 Bxd4 16. Rd1 Bg7 17. Bg5 Bxb2 18. Rab1 Bg7 19. Bxb7 Rb8 20. Bc6 Rxb1
21. Rxb1 Ba6 22. Bd7 Bc4 23. Be7 Ra8 24. a3 Bxe2 25. Kg2 Bc4 26. f3 h5 27. h4
Bd5 28. a4 Bf8 29. Bf6 a5 30. Rb5 Bb4 31. Kf2 Bc4 32. Rb7 Ba6 33. Rc7 Bd6 34.
Rc6 Bb4 35. Be5 Rd8 36. Rc7 Ra8 37. g4 Rb8 38. gxh5 gxh5 39. Kg3 Ra8 40. Kf4 Kh7
41. Ke4 Kg6 42. Bc6 Rc8 43. Rxc8 Bxc8 44. f4 f6 45. Bc7 f5+ 46. Ke3 Bc5+ 47. Kf3
Bb4 48. Be8+ Kf6 49. Bxh5 Ke7 50. Kg3 Bb7 51. Be5 Be1+ 52. Kh3 Ba6 53. Bf3 Bf1+
54. Bg2 Bxg2+ 55. Kxg2 Bxh4 56. Bc3 Kd6 57. Bxa5 Kc6 58. Bc3 Be7 59. Kf3 Bd6 60.
Ke3 Kc5 61. Bd4+ Kb4 62. Kd3 Kxa4 63. Be3 Kb5 64. Bd2 Kc6 65. Kc4 Bc5 66. Bc1
Bf2 67. Bd2 Kd6 68. Bc1 Kd7 69. Bd2 Ke7 70. Kb5 Kf6 71. Kc6 Kg6 72. Kd7 Kh5 73.
Kxe6 Kg4 74. Ke5 Bg3 75. Be3 Be1 76. Bc1 Bc3+ 77. Ke6 Ba5 78. Be3 Bc7 79. Bc1
Bxf4 80. Ba3 Bb8 81. Bc1 Bf4 82. Ba3 Bg5 83. Bd6 Bh6 84. Kd5 Kf3 85. Ke6 Ke4 86.
Kf6 Bf4 87. Ba3 Be5+ 88. Ke6 f4 89. Bc5 f3 90. Bf2 Bd4 91. Bh4 Kf4 92. Kd5 Kg4
93. Be1 Bc3 94. Bf2 Bb2 95. Ke4 Bc1 96. Kd3 Bf4 97. Ke4 Bg3 98. Be3 Be1 99. Bc5
Bd2 100. Bd4 Bc3 101. Bf2 Bf6 102. Bc5 Bh4 103. Bb6 Bd8 104. Bc5 Bc7 105. Bd4
Bb8 106. Bc5 Bg3 107. Bd4 Bf4 108. Bc5 Kg3 109. Bd4 Bd2 110. Bc5 Be1 111. Bd4
Bf2 112. Be5+ Kg2 113. Bf6 Be1 114. Bd4 Bc3 115. Bc5 Bf6 116. Bb6 Bh4 117. Bc5
Bf2 118. Bd6 Be1 119. Bc5 Bd2 120. Bb6 Bg5 121. Bc5 Bh4 1/2-1/2

[Event "Women's Speed Chess Q3"]
[Site "chess.com INT"]
[Date "2021.05.30"]
[Round "8"]
[White "Golubenko, Valentina"]
[Black "Tanishka, Kotia"]
[Result "1-0"]
[WhiteTitle "WGM"]
[BlackTitle "WFM"]
[WhiteElo "2209"]
[BlackElo "1849"]
[WhiteFideId "4501993"]
[BlackFideId "25005600"]
[EventDate "2021.05.30"]

1. d4 Nf6 2. g3 g6 3. Bg2 Bg7 4. Nf3 O-O 5. O-O d5 6. c4 dxc4 7. Nc3 c5 8. e3
cxd4 9. exd4 Nc6 10. Be3 e6 11. Qe2 Bd7 12. Qxc4 Rc8 13. Qe2 Qb6 14. d5 exd5 15.
Bxb6 axb6 16. Rad1 Rfe8 17. Qc2 Bf5 18. Qb3 Rcd8 19. Qxb6 1-0

[Event "Women's Speed Chess Q3"]
[Site "chess.com INT"]
[Date "2021.05.30"]
[Round "8"]
[White "Frayna, Janelle Mae"]
[Black "Nguyen, Hong Anh"]
[Result "0-1"]
[WhiteTitle "WGM"]
[BlackTitle "WIM"]
[WhiteElo "2179"]
[BlackElo "1993"]
[WhiteFideId "5212499"]
[BlackFideId "12406732"]
[EventDate "2021.05.30"]

1. d4 c5 2. d5 Nf6 3. Nc3 g6 4. e4 d6 5. Be3 Bg7 6. Qd2 Ng4 7. Bg5 h6 8. Bh4 O-O
9. f3 Nf6 10. g4 Qb6 11. O-O-O Nbd7 12. Bf2 Ne5 13. h3 Rd8 14. f4 Ned7 15. Nf3
Nxe4 16. Qe1 Nxc3 17. bxc3 Qa5 18. Rd3 c4 19. Re3 Qxa2 20. Rxe7 Qa1+ 0-1

[Event "Women's Speed Chess Q3"]
[Site "chess.com INT"]
[Date "2021.05.30"]
[Round "8"]
[White "Padmini, Rout"]
[Black "Ziegenfuss, Antonia"]
[Result "1-0"]
[WhiteTitle "IM"]
[BlackTitle "WFM"]
[WhiteElo "2370"]
[BlackElo "2157"]
[WhiteFideId "5029295"]
[BlackFideId "12962554"]
[EventDate "2021.05.30"]

1. e4 c5 2. Nf3 e6 3. c3 Nf6 4. e5 Nd5 5. d4 cxd4 6. cxd4 Nc6 7. Bc4 d6 8. O-O
dxe5 9. dxe5 Bc5 10. Bxd5 Qxd5 11. Qxd5 exd5 12. Nc3 Be6 13. Rd1 O-O-O 14. h3
Rhe8 15. Bg5 Rd7 16. Rac1 Bb6 17. Na4 Bc7 18. Nc5 Kb8 19. Nxd7+ Bxd7 20. Rxd5
Bf5 21. Re1 f6 22. exf6 Rxe1+ 23. Nxe1 gxf6 24. Bxf6 Be6 25. Rh5 Bxa2 26. Rxh7
a6 27. Nd3 Bb1 28. Rh8+ Ka7 29. Nc5 Bb6 30. Nd7 Bd4 31. Bxd4+ Nxd4 32. h4 Ne2+
33. Kh2 Bf5 34. Ne5 Nf4 35. h5 a5 36. Rf8 1-0

[Event "Women's Speed Chess Q3"]
[Site "chess.com INT"]
[Date "2021.05.30"]
[Round "8"]
[White "Varshini, V"]
[Black "Eswaran, Aksithi"]
[Result "1-0"]
[WhiteTitle "WGM"]
[BlackTitle "WCM"]
[WhiteElo "2226"]
[BlackElo "1745"]
[WhiteFideId "5091241"]
[BlackFideId "2083485"]
[EventDate "2021.05.30"]

1. e4 c5 2. Nc3 Nc6 3. g3 g6 4. Bg2 Bg7 5. Nge2 e6 6. d3 Nge7 7. Be3 d6 8. Qd2
a6 9. Bh6 O-O 10. h4 Nd4 11. Nxd4 cxd4 12. Ne2 e5 13. h5 f5 14. c3 dxc3 15. Nxc3
f4 16. Bxg7 Kxg7 17. hxg6 Nxg6 18. Nd5 f3 19. Bh3 Bxh3 20. Rxh3 Qd7 21. Qh6+ Kg8
22. Nb6 Qe6 23. Qxh7# 1-0

[Event "Women's Speed Chess Q3"]
[Site "chess.com INT"]
[Date "2021.05.30"]
[Round "8"]
[White "Cyfka, Karina"]
[Black "Buksa, Nataliya"]
[Result "0-1"]
[WhiteTitle "IM"]
[BlackTitle "IM"]
[WhiteElo "2415"]
[BlackElo "2414"]
[WhiteFideId "1122681"]
[BlackFideId "14123622"]
[EventDate "2021.05.30"]

1. e4 c5 2. Nf3 Nc6 3. Bb5 g6 4. Bxc6 dxc6 5. d3 Bg7 6. O-O Nf6 7. h3 Nd7 8.
Nbd2 e5 9. Nc4 Qe7 10. Bg5 f6 11. Be3 Nf8 12. Qd2 Ne6 13. Bh6 O-O 14. Bxg7 Kxg7
15. a4 b6 16. a5 Rb8 17. axb6 axb6 18. g3 b5 19. Na5 Qc7 20. Kh2 Qd7 21. Qe3 Nd4
22. Ng1 Nxc2 23. Qxc5 Nxa1 24. Rxa1 Bb7 25. b4 Qxd3 26. Nxb7 Rxb7 27. Qxc6 Rbf7
28. Ra6 Rd8 29. Qc5 Qf1 30. h4 Rd1 31. f3 Rd2+ 0-1

[Event "Women's Speed Chess Q3"]
[Site "chess.com INT"]
[Date "2021.05.30"]
[Round "8"]
[White "Socko, Monika"]
[Black "Alboredo, Julia"]
[Result "1-0"]
[WhiteTitle "GM"]
[BlackTitle "WFM"]
[WhiteElo "2421"]
[BlackElo "2182"]
[WhiteFideId "1106619"]
[BlackFideId "2124807"]
[EventDate "2021.05.30"]

1. g3 Nf6 2. Bg2 g6 3. d3 Bg7 4. e4 d6 5. Nf3 O-O 6. O-O e5 7. Nc3 Nc6 8. Be3
Bg4 9. h3 Be6 10. Qd2 Re8 11. Ng5 Bd7 12. Nd5 h6 13. Nxf6+ Qxf6 14. Nf3 Kh7 15.
Nh2 Be6 16. c4 Nd4 17. f4 Qe7 18. Bxd4 exd4 19. f5 Bd7 20. Rf2 gxf5 21. Raf1 Be5
22. Ng4 Qe6 23. exf5 Qe7 24. Qxh6+ Kg8 25. f6 Qf8 26. Qg5+ Kh8 27. Rf4 Re6 28.
Nxe5 1-0

[Event "Women's Speed Chess Q3"]
[Site "chess.com INT"]
[Date "2021.05.30"]
[Round "8"]
[White "Kanyamarala, Trisha"]
[Black "Froewis, Annika"]
[Result "1-0"]
[WhiteTitle "WIM"]
[BlackTitle "WFM"]
[WhiteElo "2180"]
[BlackElo "2143"]
[WhiteFideId "45004722"]
[BlackFideId "1621432"]
[EventDate "2021.05.30"]

1. d4 e6 2. c4 d5 3. Nc3 Nf6 4. cxd5 exd5 5. Bg5 Be7 6. e3 c6 7. Bd3 Nbd7 8.
Nge2 Nh5 9. Bxe7 Qxe7 10. O-O g6 11. Qc2 O-O 12. Rae1 Nb6 13. Ng3 Nf6 14. f3 Be6
15. Qf2 Rfe8 16. h3 Qd7 17. Rd1 Re7 18. e4 Rae8 19. e5 Nh5 20. Nxh5 gxh5 21. f4
Bf5 22. Be2 Kh8 23. Kh2 Rg8 24. Rg1 Nc4 25. b3 Nb6 26. g4 hxg4 27. hxg4 Bxg4 28.
Qh4 Bxe2 29. Qf6+ Rg7 30. Qxg7# 1-0

[Event "Women's Speed Chess Q3"]
[Site "chess.com INT"]
[Date "2021.05.30"]
[Round "8"]
[White "Dworakowska, Joanna"]
[Black "Nomin-Erdene, Davaademberel"]
[Result "0-1"]
[WhiteTitle "IM"]
[BlackTitle "IM"]
[WhiteElo "2322"]
[BlackElo "2382"]
[WhiteFideId "1107445"]
[BlackFideId "4900782"]
[EventDate "2021.05.30"]

1. e4 c6 2. d4 d5 3. Nc3 dxe4 4. Nxe4 Bf5 5. Ng3 Bg6 6. h4 h6 7. h5 Bh7 8. Nf3
Nd7 9. Bd3 Bxd3 10. Qxd3 e6 11. Bd2 Ngf6 12. O-O-O Be7 13. Nf1 Qb6 14. Kb1 c5
15. Ne3 O-O 16. g4 cxd4 17. Nc4 Qb5 18. g5 hxg5 19. Bxg5 Nc5 20. Qxd4 Rad8 21.
Qh4 Nce4 22. Bxf6 Nxf6 23. h6 g6 24. h7+ Kh8 25. Nfe5 Rxd1+ 26. Rxd1 Nd5 27. Qh6
Nc3+ 28. Kc1 Nxd1 29. Kxd1 Qd5+ 30. Kc1 Qe4 31. f4 Qe1# 0-1

[Event "Women's Speed Chess Q3"]
[Site "chess.com INT"]
[Date "2021.05.30"]
[Round "8"]
[White "Pandey, Srishti"]
[Black "Vine, Elzbieta"]
[Result "1-0"]
[WhiteTitle "WFM"]
[BlackTitle "WFM"]
[WhiteElo "2026"]
[BlackElo "2138"]
[WhiteFideId "35093290"]
[BlackFideId "1119320"]
[EventDate "2021.05.30"]

1. d4 d5 2. c4 c6 3. Nf3 Bg4 4. e3 Nf6 5. Nbd2 e6 6. h3 Bh5 7. Bd3 Nbd7 8. O-O
Qc7 9. Qc2 O-O-O 10. Rb1 Ne4 11. Bxe4 dxe4 12. Ng5 h6 13. Ngxe4 f5 14. Ng3 Bf7
15. f4 g5 16. b4 gxf4 17. exf4 Rg8 18. Ne2 Bh5 19. Nf3 Be7 20. Ne5 Nxe5 21. dxe5
Rg7 22. Rf2 Rdg8 23. Be3 Qd8 24. Nd4 Bh4 25. Rd2 Qe7 26. b5 1-0

[Event "Women's Speed Chess Q3"]
[Site "chess.com INT"]
[Date "2021.05.30"]
[Round "8"]
[White "Eswaran, Ashritha"]
[Black "Nandhidhaa, P V"]
[Result "1-0"]
[WhiteTitle "WIM"]
[BlackTitle "WGM"]
[WhiteElo "2244"]
[BlackElo "2365"]
[WhiteFideId "2080788"]
[BlackFideId "5050847"]
[EventDate "2021.05.30"]

1. e4 c5 2. Nf3 a6 3. c4 e6 4. d4 cxd4 5. Nxd4 Nf6 6. Nc3 Qc7 7. a3 Be7 8. Be2
b6 9. O-O Bb7 10. f3 d6 11. Be3 Nbd7 12. Rc1 O-O 13. Qd2 Rac8 14. Rfd1 Rfe8 15.
b4 Qb8 16. Nb3 Bd8 17. Na4 Ba8 18. Bf4 Ne5 19. c5 dxc5 20. Bxa6 Bb7 21. Bxe5
Qxe5 22. Bxb7 Rb8 23. Bc6 Bc7 24. g3 Rec8 25. bxc5 bxc5 26. Rxc5 Rxb3 27. Rxe5
Bxe5 28. Qd8+ Rxd8 29. Rxd8+ 1-0

[Event "Women's Speed Chess Q3"]
[Site "chess.com INT"]
[Date "2021.05.30"]
[Round "8"]
[White "Petrova, Irina"]
[Black "Nanditha, V"]
[Result "0-1"]
[WhiteTitle "WIM"]
[BlackTitle "WCM"]
[WhiteElo "2110"]
[BlackElo "1666"]
[WhiteFideId "14124122"]
[BlackFideId "46626697"]
[EventDate "2021.05.30"]

1. e4 c6 2. d4 d5 3. e5 c5 4. dxc5 Nc6 5. Bb5 e6 6. Nf3 Bxc5 7. O-O Ne7 8. c3
O-O 9. Bg5 Qc7 10. Re1 Ng6 11. Bxc6 bxc6 12. Nbd2 a5 13. Nf1 Qa7 14. Qd2 Ba6 15.
Ng3 Rab8 16. Nh5 Rfc8 17. Nxg7 Kxg7 18. Bf6+ Kf8 19. Qh6+ Ke8 20. Qxh7 Bxf2+ 21.
Kh1 Bxe1 22. Qg8+ Nf8 23. Bg7 Qe7 24. Rxe1 Kd7 25. Bf6 Qe8 26. Ng5 Ng6 27. Qh7
Qg8 28. Qh3 Ne7 29. Rf1 Qg6 30. Bxe7 Bxf1 31. Bf6 Rg8 32. Nf3 Bxg2+ 0-1

[Event "Women's Speed Chess Q3"]
[Site "chess.com INT"]
[Date "2021.05.30"]
[Round "8"]
[White "Narva, Regina"]
[Black "Mordido, Kylen Joy"]
[Result "0-1"]
[WhiteTitle "WFM"]
[BlackTitle "WIM"]
[WhiteElo "1901"]
[BlackElo "2014"]
[WhiteFideId "4500237"]
[BlackFideId "5219086"]
[EventDate "2021.05.30"]

1. e4 c5 2. Nc3 Nc6 3. Nf3 g6 4. g3 Bg7 5. Bg2 e6 6. O-O Nge7 7. d3 O-O 8. Bg5
h6 9. Be3 Nd4 10. Qd2 Kh7 11. h4 d5 12. exd5 Nxd5 13. Ne4 Nxe3 14. fxe3 Nf5 15.
Rab1 Qc7 16. Qf2 Bd7 17. g4 Ne7 18. h5 g5 19. Nfxg5+ hxg5 20. Nxg5+ Kg8 21. Qh4
Nd5 22. h6 Be5 23. h7+ Kg7 24. Nxf7 Rxf7 25. Qg5+ Kf8 26. h8=Q+ Bxh8 27. Rxf7+
Kxf7 28. Rf1+ Bf6 29. Qh5+ Kg7 30. e4 Bd4+ 31. Kh1 Rh8 32. Qh4 Rxh4+ 0-1

[Event "Women's Speed Chess Q3"]
[Site "chess.com INT"]
[Date "2021.05.30"]
[Round "8"]
[White "Daulyte-Cornette, Deimante"]
[Black "Szente Varga, Fruzsina"]
[Result "0-1"]
[WhiteTitle "IM"]
[BlackTitle "WFM"]
[WhiteElo "2387"]
[BlackElo "2100"]
[WhiteFideId "12802859"]
[BlackFideId "712264"]
[EventDate "2021.05.30"]

1. e4 Nf6 2. e5 Nd5 3. d4 d6 4. c4 Nb6 5. exd6 exd6 6. Nc3 Be7 7. Bd3 O-O 8.
Nge2 Bf6 9. O-O Nc6 10. Be3 Re8 11. b3 Bg4 12. h3 Bh5 13. Qd2 d5 14. c5 Nc8 15.
Nf4 Bg6 16. Nxg6 hxg6 17. Ne2 N8e7 18. b4 a6 19. a4 Qd7 20. Rab1 Nf5 21. Bxf5
gxf5 22. Nf4 g6 23. b5 axb5 24. axb5 Na5 25. Qd3 Nc4 26. Rfe1 Ra3 27. Rb3 Rxb3
28. Qxb3 Bxd4 29. Bxd4 Rxe1+ 30. Kh2 Re4 31. Be3 Nxe3 32. fxe3 d4 33. Nd5 Qd8
34. exd4 Rxd4 35. Nb4 Qe7 36. Qc3 Qe5+ 37. g3 Qe2+ 0-1

[Event "Women's Speed Chess Q3"]
[Site "chess.com INT"]
[Date "2021.05.30"]
[Round "8"]
[White "Koridze, Lile"]
[Black "Kiolbasa, Oliwia"]
[Result "1-0"]
[WhiteTitle "WFM"]
[BlackTitle "WIM"]
[WhiteElo "2016"]
[BlackElo "2255"]
[WhiteFideId "13612514"]
[BlackFideId "1154613"]
[EventDate "2021.05.30"]

1. d4 Nf6 2. c4 b6 3. Nf3 Bb7 4. e3 e6 5. Bd3 d5 6. O-O Bd6 7. cxd5 exd5 8. Nbd2
O-O 9. Ne5 Nbd7 10. Ndf3 c5 11. h3 Qe7 12. Nxd7 Nxd7 13. dxc5 bxc5 14. Bc2 Ne5
15. Nxe5 Qxe5 16. f4 Qe7 17. Qf3 Rad8 18. Qg4 Rfe8 19. Bd2 d4 20. Rae1 Qf6 21.
Kh1 dxe3 22. Bxe3 Be4 23. Bxe4 Rxe4 24. b3 Rde8 25. Bd2 Rxe1 26. Rxe1 Rxe1+ 27.
Bxe1 Qxf4 28. Qc8+ Bf8 29. Qe8 g6 30. Ba5 Qc1+ 31. Kh2 Kg7 32. Qe5+ Kg8 33. Bc3
f5 34. Qe6# 1-0

[Event "Women's Speed Chess Q3"]
[Site "chess.com INT"]
[Date "2021.05.30"]
[Round "8"]
[White "Rakshitta, Ravi"]
[Black "Havanecz, Bianka"]
[Result "1-0"]
[WhiteTitle "WIM"]
[BlackTitle "WIM"]
[WhiteElo "2190"]
[BlackElo "2257"]
[WhiteFideId "25073230"]
[BlackFideId "704814"]
[EventDate "2021.05.30"]

1. Nf3 d5 2. g3 c6 3. Bg2 Nf6 4. O-O g6 5. d4 Bg7 6. c4 O-O 7. cxd5 cxd5 8. Nc3
Bg4 9. Bf4 Nc6 10. Ne5 Bf5 11. Nxc6 bxc6 12. Na4 Be4 13. Rc1 Bxg2 14. Kxg2 Rc8
15. Nc5 e6 16. Qa4 Qb6 17. b4 Rfe8 18. a3 h6 19. Be5 Re7 20. e3 Nd7 21. Bxg7
Kxg7 22. Nxd7 Rxd7 23. Rc5 Rdc7 24. Rfc1 a6 25. Qa5 Qb7 26. a4 h5 27. b5 axb5
28. axb5 Ra8 29. Qb4 Rcc8 30. Rxc6 Rxc6 31. Rxc6 Ra2 32. Qc5 h4 33. Rc8 hxg3 34.
Kxg3 Rb2 35. Qf8+ Kf6 36. Qd8+ Kg7 37. Qh8# 1-0

[Event "Women's Speed Chess Q3"]
[Site "chess.com INT"]
[Date "2021.05.30"]
[Round "8"]
[White "Von Herman, Brigitte"]
[Black "Li, Xueyi"]
[Result "0-1"]
[WhiteTitle "WFM"]
[BlackTitle "WGM"]
[WhiteElo "1991"]
[BlackElo "2328"]
[WhiteFideId "4628730"]
[BlackFideId "8605912"]
[EventDate "2021.05.30"]

1. e4 c5 2. c3 Nf6 3. e5 Nd5 4. d4 cxd4 5. Nf3 Nc6 6. Bc4 e6 7. cxd4 Nb6 8. Bb3
d5 9. exd6 Bxd6 10. O-O O-O 11. Re1 Na5 12. Bc2 g6 13. Nc3 Be7 14. Qe2 Bf6 15.
Be3 Nd5 16. Bh6 Re8 17. Rad1 Nc6 18. h3 a6 19. Ne4 Bg7 20. Bg5 Qc7 21. Bb3 h6
22. Bh4 Nf4 23. Qd2 g5 24. Bg3 Bd7 25. Bxf4 gxf4 26. d5 exd5 27. Qxd5 Be6 28.
Qh5 Bxb3 29. axb3 Nb4 30. Rc1 Qb6 31. Nh4 Nd3 32. Nf5 Nxc1 33. Rxc1 Rxe4 34. Rd1
Rae8 35. Kh2 Qxf2 36. Nd6 Qg3+ 37. Kg1 Re1+ 0-1

[Event "Women's Speed Chess Q3"]
[Site "chess.com INT"]
[Date "2021.05.30"]
[Round "8"]
[White "Zhuravleva, Olga"]
[Black "Dauletova, Gulmira"]
[Result "0-1"]
[WhiteTitle "WIM"]
[BlackTitle "WGM"]
[WhiteElo "2278"]
[BlackElo "2285"]
[WhiteFideId "4145933"]
[BlackFideId "13702971"]
[EventDate "2021.05.30"]

1. e4 e5 2. Nf3 Nc6 3. Bc4 Bc5 4. b4 Bxb4 5. c3 Be7 6. d4 Na5 7. Nxe5 Nxc4 8.
Nxc4 d5 9. exd5 Qxd5 10. Ne3 Qd8 11. O-O Nf6 12. c4 c6 13. Nc3 O-O 14. Bb2 Be6
15. Qd3 Bd6 16. Rad1 Qc7 17. h3 Rad8 18. d5 Bc8 19. Ne4 Nxe4 20. Qxe4 Qe7 21.
Qd4 f6 22. Qxa7 Bc5 23. Qa4 Bxe3 24. fxe3 Qxe3+ 25. Kh1 Bxh3 26. Rf3 Bxg2+ 27.
Kxg2 Qe2+ 28. Rf2 Qg4+ 29. Kf1 Rfe8 30. Qc2 Re3 31. Rg2 Qf3+ 32. Qf2 Qxd1+ 0-1

[Event "Women's Speed Chess Q3"]
[Site "chess.com INT"]
[Date "2021.05.30"]
[Round "8"]
[White "Morris-Suzuki, Sophie"]
[Black "Zaichenko, Daria"]
[Result "1-0"]
[WhiteTitle "WFM"]
[BlackTitle "WFM"]
[WhiteElo "2043"]
[BlackElo "2104"]
[WhiteFideId "30922615"]
[BlackFideId "4197453"]
[EventDate "2021.05.30"]

1. e4 e5 2. Nc3 Nf6 3. f4 d6 4. Nf3 Bg4 5. Bc4 Nc6 6. d3 Nd4 7. Be3 Bxf3 8. gxf3
Be7 9. Nd5 Nxd5 10. Bxd5 Bh4+ 11. Kd2 c6 12. Bb3 Qa5+ 13. c3 Nxb3+ 14. axb3 Qc7
15. Kc2 d5 16. fxe5 Qxe5 17. Bd4 Qf4 18. Qe2 O-O 19. Rhg1 g6 20. Rg4 Qh6 21.
Rag1 Rae8 22. Qg2 dxe4 23. fxe4 b6 24. Qh3 Bg5 25. Qf3 Be7 26. h4 c5 27. Be3 Qh5
28. Rxg6+ fxg6 29. Qxh5 Rf6 30. Qh6 Ref8 31. h5 Rf3 32. hxg6 hxg6 33. Qxg6+ 1-0

[Event "Women's Speed Chess Q3"]
[Site "chess.com INT"]
[Date "2021.05.30"]
[Round "8"]
[White "Luong, Phuong Hanh"]
[Black "Novikova, Anna"]
[Result "1-0"]
[WhiteTitle "WIM"]
[BlackTitle "WIM"]
[WhiteElo "2229"]
[BlackElo "2247"]
[WhiteFideId "12401013"]
[BlackFideId "4146794"]
[EventDate "2021.05.30"]

1. d4 d5 2. c4 e6 3. Nf3 c6 4. Qc2 Nd7 5. g3 Ngf6 6. Bg2 Be7 7. O-O dxc4 8. Qxc4
O-O 9. Rd1 c5 10. Nc3 Nb6 11. Qd3 cxd4 12. Nxd4 Nbd5 13. e4 Nxc3 14. Qxc3 Qb6
15. Be3 Qb4 16. Qxb4 Bxb4 17. h3 a6 18. Rac1 Ba5 19. e5 Nd7 20. f4 Bb6 21. Nc2
Bxe3+ 22. Nxe3 Re8 23. Nc4 Rf8 24. Nd6 Rb8 25. Nxc8 Rbxc8 26. Rxc8 Rxc8 27. Rxd7
b6 28. Rb7 Rc1+ 29. Kh2 g5 30. Rxb6 gxf4 31. gxf4 Kg7 32. Rxa6 Rc2 33. Rb6 Kg6
34. Kg3 Kf5 35. Rb4 Re2 36. Bf3 Re3 37. Kf2 1-0

[Event "Women's Speed Chess Q3"]
[Site "chess.com INT"]
[Date "2021.05.30"]
[Round "8"]
[White "Mrudul, Dehankar"]
[Black "Gevorgyan, Maria"]
[Result "0-1"]
[WhiteTitle "WIM"]
[BlackTitle "WGM"]
[WhiteElo "2256"]
[BlackElo "2219"]
[WhiteFideId "25096990"]
[BlackFideId "13300270"]
[EventDate "2021.05.30"]

1. e4 c5 2. Nf3 Nc6 3. d4 cxd4 4. Nxd4 g6 5. Nc3 Bg7 6. Be3 Nf6 7. Bc4 O-O 8. f3
Re8 9. Bb3 e6 10. Qd2 d5 11. O-O-O Nxd4 12. Bxd4 e5 13. Bf2 d4 14. Nd5 Nxd5 15.
Bxd5 Be6 16. Bxe6 Rxe6 17. Kb1 Ra6 18. Qd3 Qa5 19. a3 Rc8 20. Be1 Qb6 21. Bb4
Qe6 22. c3 Rb6 23. cxd4 exd4 24. Rc1 Re8 25. Rc4 a6 26. Rhc1 Rb5 27. Bc5 a5 28.
Bxd4 Rd8 29. Qe3 Bxd4 30. Rxd4 Re8 31. Rd2 a4 32. Qd3 Rb3 33. Qd4 Qa6 34. Rc4
Ra8 35. Rdc2 b6 36. Rc8+ Rxc8 37. Rd2 0-1

[Event "Women's Speed Chess Q3"]
[Site "chess.com INT"]
[Date "2021.05.30"]
[Round "8"]
[White "Bivol, Alina"]
[Black "Pham, Le Thao Nguyen"]
[Result "1-0"]
[WhiteTitle "WGM"]
[BlackTitle "IM"]
[WhiteElo "2385"]
[BlackElo "2369"]
[WhiteFideId "4100123"]
[BlackFideId "12401226"]
[EventDate "2021.05.30"]

1. e4 c6 2. d4 d5 3. e5 Bf5 4. h4 h5 5. Bd3 Bxd3 6. Qxd3 Qa5+ 7. Nd2 Qa6 8. c4
e6 9. Ngf3 Ne7 10. O-O Nf5 11. b3 Nd7 12. Bb2 Bb4 13. Qc2 b5 14. cxd5 cxd5 15.
a4 bxa4 16. Rxa4 Qb7 17. Ba3 Bxa3 18. Rxa3 O-O 19. Rfa1 Rfc8 20. Qd3 Rc7 21. Qa6
Qb4 22. Qa5 Qb8 23. Kh2 Qc8 24. Qa6 Qb8 25. Ra5 Qb4 26. Rb5 Qc3 27. Rb7 Rac8 28.
Qxa7 Rxb7 29. Qxb7 Rc7 30. Ra8+ Kh7 31. Qb5 Kg6 32. Qa5 Qc6 33. Ra6 Qc1 34. Ra7
Rxa7 35. Qxa7 1-0

[Event "Women's Speed Chess Q3"]
[Site "chess.com INT"]
[Date "2021.05.30"]
[Round "8"]
[White "Grigoryan, Meri"]
[Black "Perez Rodriguez, Jennifer"]
[Result "0-1"]
[WhiteTitle "WFM"]
[BlackTitle "WIM"]
[WhiteElo "2044"]
[BlackElo "2251"]
[WhiteFideId "13300571"]
[BlackFideId "3507831"]
[EventDate "2021.05.30"]

1. d4 Nf6 2. c4 e6 3. Nc3 d5 4. Nf3 c5 5. cxd5 Nxd5 6. Nxd5 Qxd5 7. e3 cxd4 8.
Qxd4 Qxd4 9. Nxd4 Be7 10. Bb5+ Bd7 11. Bd2 a6 12. Bxd7+ Nxd7 13. Rc1 Nc5 14. Ke2
O-O 15. b4 Ne4 16. a3 Rac8 17. f3 Nxd2 18. Kxd2 Bf6 19. Rxc8 Rxc8 20. Rc1 Rxc1
21. Kxc1 Kf8 22. Nb3 b6 23. Kd2 Ke7 24. Kd3 Kd6 25. f4 Kc6 26. e4 Kb5 27. e5 Be7
28. Nd4+ Ka4 29. Nc6 Bf8 30. Kc4 Kxa3 31. Nd8 Bxb4 32. Nxf7 Bd2 33. g3 b5+ 34.
Kd3 Bb4 35. Nd8 a5 36. Nxe6 Be1 37. Nd4 b4 38. Nc2+ Ka2 39. Nxe1 b3 0-1